| 000 | 01134nam a2200277Ia 4500 | ||
|---|---|---|---|
| 005 | 20250622124032.0 | ||
| 008 | 250617s9999||||xx |||||||||||||| ||ara|| | ||
| 017 |
_a2024/31827 _bمصر. دار الكتب |
||
| 020 | _a9786339954009 | ||
| 082 | 0 | 4 |
_a"723,3" _bض س |
| 100 | 0 | _aضياء جاد الكريم زهران | |
| 245 | 1 | 0 |
_aالسلطان الظاهر بيبرس وأعماله المعمارية ( بمصر - سورية - فلسطين ) / _c"إعداد ضياء جاد الكريم زهران ، ريهام محمد يسرى" |
| 250 | _aط1 | ||
| 260 | 3 |
_aالقاهرة : _b"حسن أبو شادى للأبحاث والنشر،" _c2025. |
|
| 300 |
_a313ص : _bلوحات ؛ _c25سم. |
||
| 650 | _aالآثار الإسلامية | ||
| 650 | _aالحضارة الإسلامية | ||
| 650 | _aالعمارة | ||
| 650 |
_aالعمارة الإسلامية _zمصر |
||
| 650 | _aالفن الإسلامى | ||
| 650 | _aالمساجد | ||
| 651 | _aالسلطان الظاهر بيبرس | ||
| 700 | 0 |
_aريهام محمد يسرى _e مؤلف مشارك |
|
| 942 | _cBK | ||
| 999 |
_c67582 _d67582 |
||